000 00369nam a22001577a 4500
003 MPLRDC
005 20220104113612.0
008 210129b ||||| |||| 00| 0 eng d
082 _a857.62 JW v.2
100 _a金文编著
245 _a名探的推理. 二
_c
260 _a
_b信出版社
_c
300 _b
650 _a推理小说
942 _cBK
_o857.62 JW v.2
999 _c897
_d887